000 00644nam a22001817a 4500
003 OSt
005 20120302144912.0
008 090413t xxu||||| |||| 00| 0 eng d
035 _a२६५३
040 _cमराठी
100 _aदेवगिरीकर, त्र्यं. र.
_93297
245 _aगोपाळ कृष्ण गोखले
250 _a१ ली
260 _aदिल्ली
_bमाहिती व नभोवाणी मंत्रालय
_c१९७१
300 _b२७८ पाने
700 _aकानिटकर, रा. प्र. -अनु.
_93298
942 _2ddc
_cBOOK
999 _c488461
_d488458